[Event "AUT-Staatsliga Qual2000"]
[Site "Linz-Urfahr"]
[Date "2000.03.31"]
[Round "1.1"]
[White "SCHMITTDIEL, Eckhard"]
[Black "EINGORN, Vereslav"]
[Result "1/2-1/2"]
[WhiteElo "2490"]
[BlackElo "2597"]
[PlyCount "120"]
[EventDate "2000.03.31"]

1. e4 c5 2. c3 e6 3. d4 d5 4. exd5 exd5 5. Nf3 Nc6 6. Bb5 Bd6 7. dxc5 Bxc5 8.
O-O Nge7 9. Nbd2 O-O 10. Nb3 Bb6 11. Bg5 h6 12. Bxe7 Nxe7 13. Nbd4 Nf5 14. Qd3
Qf6 15. Rad1 Nd6 16. h3 Ne4 17. Qc2 Qg6 18. Kh1 Qh5 19. Nh2 Be6 20. Rfe1 Rad8
21. Bd3 Bxd4 22. cxd4 Rc8 23. Qe2 Qxe2 24. Rxe2 Rc7 25. Kg1 Rfc8 26. Ree1 Nd6
27. g4 Bd7 28. Nf1 f6 29. Ne3 Be6 30. Bf1 Bf7 31. Bg2 Ne4 32. f3 Nd6 33. f4 Ne4
34. Bxe4 dxe4 35. d5 Rd7 36. Rd4 Re8 37. f5 h5 38. Kf2 hxg4 39. hxg4 g6 40.
fxg6 Bxg6 41. Kg3 Rc8 42. Kf4 Kf7 43. Rh1 Rc5 44. Rdd1 Rc8 45. Rh2 Ke7 46. Rh6
Kf7 47. g5 Rd6 48. Ng4 fxg5+ 49. Kxg5 Re8 50. Ne3 Re5+ 51. Kf4 Re8 52. Nc4 Rf6+
53. Ke3 b5 54. Nd2 Rd6 55. Rf1+ Kg7 56. Rh4 Rxd5 57. Nxe4 Bxe4 58. Rxe4 Rxe4+
59. Kxe4 Rd2 60. Rb1 Kf6 1/2-1/2

[Event "AUT-Staatsliga Qual2000"]
[Site "Linz-Urfahr"]
[Date "2000.03.31"]
[Round "1.2"]
[White "BRESTIAN, Egon"]
[Black "DUER, Arne"]
[Result "1/2-1/2"]
[WhiteElo "2421"]
[BlackElo "2378"]
[PlyCount "52"]
[EventDate "2000.03.31"]

1. d4 e6 2. Nf3 Nf6 3. g3 c5 4. Bg2 Nc6 5. O-O Qb6 6. dxc5 Bxc5 7. Nc3 Be7 8.
e4 d6 9. b3 O-O 10. Bb2 Rd8 11. Qe2 Bd7 12. Na4 Qa5 13. c4 a6 14. Bc3 Qc7 15.
Rac1 Be8 16. Rfd1 Rac8 17. h3 h6 18. Nb2 Nd7 19. Nd3 Qb8 20. e5 b5 21. exd6
Bxd6 22. Bb2 Qb6 23. Kh2 Bf8 24. Kg1 a5 25. cxb5 Qxb5 26. Nf4 Qxe2 1/2-1/2

[Event "AUT-Staatsliga Qual2000"]
[Site "Linz-Urfahr"]
[Date "2000.03.31"]
[Round "1.3"]
[White "PILZ, Dieter"]
[Black "LENDWAI, Reinhard"]
[Result "1/2-1/2"]
[WhiteElo "2316"]
[BlackElo "2361"]
[PlyCount "51"]
[EventDate "2000.03.31"]

1. e4 c6 2. Nc3 d5 3. Nf3 Bg4 4. h3 Bxf3 5. Qxf3 e6 6. g3 Nf6 7. Bg2 Nbd7 8.
O-O Bb4 9. d3 O-O 10. Bd2 d4 11. Nb1 Bxd2 12. Nxd2 e5 13. Qe2 Ne8 14. f4 Qe7
15. Rf2 c5 16. Raf1 Nd6 17. Kh2 Rac8 18. h4 exf4 19. Rxf4 Ne5 20. Bh3 Rc6 21.
Nf3 Ng6 22. Rg4 f5 23. Rg5 fxe4 24. dxe4 Nxe4 25. Rf5 Nf6 26. Qc4+ 1/2-1/2

[Event "AUT-Staatsliga Qual2000"]
[Site "Linz-Urfahr"]
[Date "2000.03.31"]
[Round "1.4"]
[White "KWATSCHEWSKY, Leo"]
[Black "THOMA, Robert"]
[Result "1/2-1/2"]
[WhiteElo "2298"]
[BlackElo "2297"]
[PlyCount "95"]
[EventDate "2000.03.31"]

1. d4 d5 2. Nf3 c6 3. Bf4 Bf5 4. Nbd2 e6 5. e3 Bd6 6. Bxd6 Qxd6 7. c4 Nd7 8.
Qb3 Rb8 9. Rc1 h6 10. g3 Ngf6 11. Bg2 Ne4 12. O-O O-O 13. Rfd1 Bg4 14. Re1 f5
15. Nf1 Bxf3 16. Bxf3 g5 17. Bg2 g4 18. Qd1 Ndf6 19. Nd2 Rf7 20. f4 gxf3 21.
Nxf3 Ng4 22. Qe2 Rg7 23. Nd2 h5 24. Nxe4 dxe4 25. Rf1 h4 26. Rf4 hxg3 27. hxg3
Nf6 28. Kf2 Kf7 29. Rh1 Rbg8 30. Rh3 Rg5 31. b3 R8g7 32. Bf1 Qa3 33. Qd2 Nh5
34. d5 Nxg3 35. dxe6+ Kxe6 36. Rh6+ R5g6 37. Rfh4 Nxf1 38. Kxf1 Qc5 39. Rxg6+
Rxg6 40. Rh7 Qd6 41. Qxd6+ Kxd6 42. Rxb7 Rg3 43. Kf2 Rf3+ 44. Ke2 Rh3 45. Rxa7
Rh2+ 46. Ke1 Rh1+ 47. Kf2 Rh2+ 48. Ke1 1/2-1/2

[Event "AUT-Staatsliga Qual2000"]
[Site "Linz-Urfahr"]
[Date "2000.03.31"]
[Round "1.5"]
[White "LAUBE, Bernhard"]
[Black "MAHDY, Khaled"]
[Result "1/2-1/2"]
[WhiteElo "2262"]
[BlackElo "2351"]
[PlyCount "76"]
[EventDate "2000.03.31"]

1. d4 Nf6 2. Nf3 c5 3. e3 g6 4. Nbd2 Bg7 5. a3 cxd4 6. exd4 O-O 7. Bd3 Nc6 8.
O-O d6 9. Re1 Nd7 10. d5 Nce5 11. Bf1 Nb6 12. c4 Nxf3+ 13. Nxf3 Bd7 14. Bg5 Re8
15. Ra2 Na4 16. Qc1 a5 17. b4 Bg4 18. Qf4 Nc3 19. Rd2 Bxf3 20. Qxf3 axb4 21.
axb4 Qb6 22. Rd3 Na4 23. Bd2 Qc7 24. Qe4 e5 25. dxe6 Rxe6 26. Qf3 Rxe1 27. Bxe1
Nb2 28. Re3 Nxc4 29. Bxc4 Qxc4 30. Qxb7 Rf8 31. Qe4 d5 32. Qxc4 dxc4 33. Kf1
Rc8 34. Bc3 Rb8 35. b5 Bxc3 36. Rxc3 Rxb5 37. Rxc4 Rb2 38. g3 h5 1/2-1/2

[Event "AUT-Staatsliga Qual2000"]
[Site "Linz-Urfahr"]
[Date "2000.03.31"]
[Round "1.1"]
[White "UHLMANN, Wolfgang"]
[Black "JANSA, Vlastimil"]
[Result "1-0"]
[WhiteElo "2482"]
[BlackElo "2458"]
[PlyCount "73"]
[EventDate "2000.03.31"]

1. c4 g6 2. e4 e5 3. Nf3 Bg7 4. d4 exd4 5. Nxd4 Nf6 6. Nc3 O-O 7. Bd3 c6 8. O-O
d5 9. exd5 cxd5 10. Bg5 dxc4 11. Bxc4 h6 12. Bh4 a6 13. Bb3 Nbd7 14. Qc2 Nc5
15. Rad1 Qb6 16. Bc4 Bg4 17. Rd2 g5 18. Bg3 Rad8 19. h3 Nh5 20. hxg4 Nxg3 21.
Rfd1 Rd6 22. Nd5 Qa7 23. Nf5 Nxf5 24. Qxf5 Re6 25. b4 Ne4 26. Bd3 Re5 27. Ne7+
Kh8 28. Bxe4 Rxf5 29. Nxf5 Qb6 30. a3 Be5 31. Rd7 Bg7 32. Nd6 Kg8 33. Rd3 Rd8
34. Nc4 Qb5 35. Rxd8+ Bf8 36. Bd5 Kg7 37. Rb8 1-0

[Event "AUT-Staatsliga Qual2000"]
[Site "Linz-Urfahr"]
[Date "2000.03.31"]
[Round "1.3"]
[White "ROLLETSCHEK, Heinrich"]
[Black "BECKHUIS, Gernod"]
[Result "1-0"]
[WhiteElo "2278"]
[BlackElo "2343"]
[PlyCount "81"]
[EventDate "2000.03.31"]

1. e4 e6 2. d3 b6 3. g3 Bb7 4. Bg2 f5 5. Nd2 Nf6 6. Ngf3 fxe4 7. dxe4 Nc6 8.
O-O e5 9. c3 Qe7 10. Re1 h6 11. Nc4 Qe6 12. Qb3 O-O-O 13. a4 Bc5 14. h3 Rhf8
15. Ncd2 Qe8 16. Qc2 a5 17. Nb3 Be7 18. Nh4 Rf7 19. Nf5 Bf8 20. Be3 Ng8 21.
Rad1 g6 22. Nh4 Rf6 23. Nf3 Qf7 24. Nfd2 Nge7 25. Bf1 d5 26. exd5 Nxd5 27. Ne4
Nxe3 28. fxe3 Rxd1 29. Qxd1 Rf5 30. g4 Ne7 31. Nbd2 Qg7 32. gxf5 gxf5+ 33. Bg2
Kb8 34. Qf3 fxe4 35. Nxe4 Ng6 36. Rf1 Bc5 37. Qg3 Bxe3+ 38. Qxe3 Nh4 39. Rf2
Qg6 40. Qg3 Qxg3 41. Nxg3 1-0

[Event "AUT-Staatsliga Qual2000"]
[Site "Linz-Urfahr"]
[Date "2000.03.31"]
[Round "1.4"]
[White "HANGWEYRER, Manfred"]
[Black "BAUMGARTNER, Heinz"]
[Result "0-1"]
[WhiteElo "2363"]
[BlackElo "2323"]
[PlyCount "54"]
[EventDate "2000.03.31"]

1. e4 e5 2. Nf3 Nc6 3. Nc3 g6 4. Bc4 Bg7 5. d3 Nf6 6. O-O d6 7. a3 Be6 8. Nd5
Bxd5 9. exd5 Ne7 10. Bb5+ c6 11. dxc6 bxc6 12. Ba4 O-O 13. Re1 Qc7 14. Bd2 Nf5
15. c3 Rfe8 16. Bc2 d5 17. h3 Nd7 18. Rb1 Nd6 19. b4 Re7 20. Bb3 Rae8 21. c4 e4
22. Nh2 Ne5 23. c5 Nb5 24. dxe4 Nd3 25. Re3 Nxf2 26. Kxf2 Qxh2 27. Rf3 Rxe4 0-1

[Event "AUT-Staatsliga Qual2000"]
[Site "Linz-Urfahr"]
[Date "2000.03.31"]
[Round "1.5"]
[White "WINIWARTER, Felix"]
[Black "VOKROJ, Rene"]
[Result "0-1"]
[WhiteElo "2188"]
[BlackElo "2306"]
[PlyCount "57"]
[EventDate "2000.03.31"]

1. e4 Nc6 2. d4 e5 3. Nf3 exd4 4. Nxd4 Bc5 5. Be3 Qf6 6. c3 Nge7 7. Bc4 Ne5 8.
Be2 Qg6 9. O-O d6 10. Bh5 Qxe4 11. Nd2 Qh4 12. f4 Ng4 13. Bxg4 Qxg4 14. Qb3 O-O
15. Rf3 Nf5 16. h3 Qg6 17. Bf2 Re8 18. Kh2 h5 19. Rg1 Qf6 20. Nxf5 Bxf2 21.
Rxf2 Qxf5 22. g4 Qc5 23. Rfg2 Re3 24. Nf1 Rf3 25. Qa4 Be6 26. Nd2 Re3 27. Nf1
Rd3 28. a3 hxg4 29. Qe4 0-1

[Event "AUT-Staatsliga Qual2000"]
[Site "Linz-Urfahr"]
[Date "2000.03.31"]
[Round "1.6"]
[White "RESCHUN, Sascha"]
[Black "NIEDERMAYR, Horst"]
[Result "1/2-1/2"]
[WhiteElo "2282"]
[BlackElo "2208"]
[PlyCount "46"]
[EventDate "2000.03.31"]

1. e4 d5 2. exd5 Qxd5 3. Nc3 Qa5 4. d4 Nf6 5. Nf3 c6 6. Be2 Bf5 7. O-O Nbd7 8.
Bf4 e6 9. a3 a6 10. Re1 Be7 11. h3 O-O 12. Nh4 Bg6 13. Bf3 Rfe8 14. Nxg6 hxg6
15. Qd2 Qd8 16. g3 Nb6 17. b3 a5 18. h4 Nbd5 19. Ne2 Nxf4 20. Nxf4 Bd6 21. Nd3
Qc7 22. Kg2 Rad8 23. Qe2 Qb6 1/2-1/2

[Event "AUT-Staatsliga Qual2000"]
[Site "Linz-Urfahr"]
[Date "2000.04.01"]
[Round "2.1"]
[White "EINGORN, Vereslav"]
[Black "JANSA, Vlastimil"]
[Result "1-0"]
[WhiteElo "2597"]
[BlackElo "2458"]
[PlyCount "105"]
[EventDate "2000.04.01"]

1. Nf3 g6 2. e4 Bg7 3. d4 d6 4. c3 Nf6 5. Bd3 O-O 6. O-O c5 7. Re1 cxd4 8. cxd4
Bg4 9. Nbd2 Nc6 10. h3 Bxf3 11. Nxf3 Rc8 12. Be3 d5 13. e5 Ne4 14. Rc1 Qd7 15.
Nd2 Nxd2 16. Qxd2 Rc7 17. Rc3 Rfc8 18. Rec1 Nb8 19. Bb5 Rxc3 20. Rxc3 Qd8 21.
h4 a6 22. Ba4 b5 23. Bd1 e6 24. a4 Rxc3 25. Qxc3 Bf8 26. axb5 axb5 27. Be2 b4
28. Qc2 Qd7 29. h5 Nc6 30. Qa4 Qb7 31. Bd3 Be7 32. Bb5 Na7 33. Bd3 Nc6 34. Bb5
Na7 35. Be8 Bf8 36. hxg6 hxg6 37. Qd7 Qxd7 38. Bxd7 Be7 39. Kf1 Kg7 40. Ke2 g5
41. g4 Bd8 42. Kd3 Kg6 43. Kc2 f6 44. Bxe6 fxe5 45. Bxd5 Kf6 46. dxe5+ Kxe5 47.
Bxa7 Kxd5 48. f3 Kc6 49. b3 Kd5 50. Kd3 Be7 51. Be3 Bd8 52. Bd4 Be7 53. Bg7 1-0

[Event "AUT-Staatsliga Qual2000"]
[Site "Linz-Urfahr"]
[Date "2000.04.01"]
[Round "2.2"]
[White "NAUMANN, Alexander"]
[Black "BRESTIAN, Egon"]
[Result "1/2-1/2"]
[WhiteElo "2495"]
[BlackElo "2421"]
[PlyCount "43"]
[EventDate "2000.04.01"]

1. e4 c5 2. Nf3 d6 3. d4 cxd4 4. Nxd4 Nf6 5. Nc3 g6 6. Be3 Bg7 7. f3 Nc6 8. Qd2
O-O 9. Bc4 Nd7 10. Bb3 Nb6 11. Nd5 Nxd5 12. exd5 Nxd4 13. Bxd4 Bxd4 14. Qxd4
Qa5+ 15. c3 e5 16. dxe6 Bxe6 17. O-O Bxb3 18. axb3 Qc5 19. Rfd1 Rfe8 20. Qxc5
dxc5 21. Kf2 Re7 22. Rd5 1/2-1/2

[Event "AUT-Staatsliga Qual2000"]
[Site "Linz-Urfahr"]
[Date "2000.04.01"]
[Round "2.3"]
[White "LENDWAI, Reinhard"]
[Black "BECKHUIS, Gernod"]
[Result "1/2-1/2"]
[WhiteElo "2361"]
[BlackElo "2343"]
[PlyCount "84"]
[EventDate "2000.04.01"]

1. e4 e6 2. d3 d5 3. Nd2 Nf6 4. Ngf3 c5 5. Be2 Nc6 6. O-O Be7 7. Re1 O-O 8. Bf1
b5 9. a4 b4 10. b3 Ba6 11. Bb2 Rc8 12. Rc1 Nd7 13. exd5 exd5 14. d4 Bxf1 15.
Kxf1 Bf6 16. Qe2 cxd4 17. Qb5 Nb6 18. Qd3 Qd6 19. g3 Qc5 20. h4 Nd7 21. Ng5 g6
22. Ndf3 h6 23. Nh3 Nde5 24. Nxe5 Bxe5 25. Ng1 Bg7 26. Nf3 Rfe8 27. Rcd1 a5 28.
Ba1 Kf8 29. Kg2 Rxe1 30. Rxe1 Re8 31. Rxe8+ Kxe8 32. h5 gxh5 33. Qf5 Ne7 34.
Qd3 Nc6 35. Qf5 Nd8 36. Qxh5 Qxc2 37. Qxd5 Nc6 38. Bxd4 Nxd4 39. Nxd4 Bxd4 40.
Qxd4 Qxb3 41. Qe5+ Qe6 42. Qxa5 Qe4+ 1/2-1/2

[Event "AUT-Staatsliga Qual2000"]
[Site "Linz-Urfahr"]
[Date "2000.04.01"]
[Round "2.4"]
[White "HANGWEYRER, Manfred"]
[Black "KWATSCHEWSKY, Leo"]
[Result "1/2-1/2"]
[WhiteElo "2363"]
[BlackElo "2298"]
[PlyCount "31"]
[EventDate "2000.04.01"]

1. e4 e5 2. Bc4 Nf6 3. d3 c6 4. Nf3 d5 5. Bb3 Bd6 6. Nc3 dxe4 7. dxe4 O-O 8.
Bg5 Qe7 9. Qe2 Na6 10. O-O-O Nc5 11. Nh4 Nxb3+ 12. axb3 h6 13. Bd2 Bb4 14. h3
Re8 15. Nf3 a5 16. Nb1 1/2-1/2

[Event "AUT-Staatsliga Qual2000"]
[Site "Linz-Urfahr"]
[Date "2000.04.01"]
[Round "2.3"]
[White "PILZ, Dieter"]
[Black "ROLLETSCHEK, Heinrich"]
[Result "1/2-1/2"]
[WhiteElo "2316"]
[BlackElo "2278"]
[PlyCount "91"]
[EventDate "2000.04.01"]

1. e4 e5 2. Bc4 Nf6 3. d3 Nc6 4. a3 d5 5. exd5 Nxd5 6. Nf3 Bg4 7. h3 Bxf3 8.
Qxf3 Nd4 9. Qd1 Nb6 10. Ba2 c5 11. O-O Bd6 12. Nd2 O-O 13. Ne4 Re8 14. Ng5 Ne6
15. Bxe6 fxe6 16. Qh5 h6 17. Ne4 Nd5 18. Qg6 Nf4 19. Bxf4 exf4 20. Rae1 b6 21.
Re2 Bc7 22. Rfe1 Qe7 23. Nd2 Qf7 24. Qg4 h5 25. Qf3 Rad8 26. Nc4 Re7 27. a4 g6
28. Qc6 Qe8 29. Qe4 Kg7 30. b3 Qf7 31. Ne5 Bxe5 32. Qxe5+ Qf6 33. Qe4 e5 34.
Qf3 Rd4 35. Re4 Rxe4 36. Rxe4 Kh6 37. Qe2 Qe6 38. Rc4 g5 39. f3 Kg7 40. Kf1 Kf6
41. Qe4 g4 42. hxg4 hxg4 43. b4 Rc7 44. Qa8 gxf3 45. Qxf3 Kg5 46. Qa8 1/2-1/2

[Event "AUT-Staatsliga Qual2000"]
[Site "Linz-Urfahr"]
[Date "2000.04.01"]
[Round "2.5"]
[White "LAUBE, Bernhard"]
[Black "WINIWARTER, Felix"]
[Result "0-1"]
[WhiteElo "2262"]
[BlackElo "2188"]
[PlyCount "68"]
[EventDate "2000.04.01"]

1. d4 Nf6 2. Nf3 g6 3. e3 Bg7 4. Be2 O-O 5. O-O b6 6. Nfd2 Bb7 7. Bf3 d5 8. c4
e6 9. Nc3 Nbd7 10. cxd5 exd5 11. Qb3 c6 12. Rd1 Qc7 13. g3 Rad8 14. a4 c5 15.
Bg2 Rfe8 16. a5 Bc6 17. Nb5 Qb8 18. Nc3 c4 19. Qc2 b5 20. e4 dxe4 21. Ndxe4
Nxe4 22. Bxe4 Rxe4 23. Nxe4 Qa8 24. f3 f5 25. Ng5 Nf8 26. Be3 h6 27. Nh3 Bxf3
28. Rd2 Ne6 29. Qc3 g5 30. Nf2 f4 31. gxf4 gxf4 32. Bxf4 Nxf4 33. Qe3 Rf8 34.
Re1 Qd5 0-1

[Event "AUT-Staatsliga Qual2000"]
[Site "Linz-Urfahr"]
[Date "2000.04.02"]
[Round "3.2"]
[White "DUER, Arne"]
[Black "NAUMANN, Alexander"]
[Result "0-1"]
[WhiteElo "2378"]
[BlackElo "2495"]
[PlyCount "106"]
[EventDate "2000.04.02"]

1. c4 Nf6 2. Nf3 g6 3. Nc3 d5 4. cxd5 Nxd5 5. e3 Bg7 6. d4 O-O 7. Bd2 Nb6 8.
Rc1 N8d7 9. Be2 e5 10. O-O exd4 11. Nxd4 Ne5 12. Ne4 Qh4 13. Nc5 Nd5 14. Nf3
Qe7 15. Qb3 c6 16. e4 Nxf3+ 17. Bxf3 Nc7 18. Bc3 Bh6 19. Nd3 Bxc1 20. Rxc1 a5
21. a4 Ne6 22. g3 Rd8 23. Nf4 Nxf4 24. gxf4 Qh4 25. Be5 Bg4 26. Bg2 Rd2 27. Qg3
Qxg3 28. hxg3 Rd1+ 29. Rxd1 Bxd1 30. Bd6 Bxa4 31. e5 Bb3 32. g4 Bd5 33. f5 Bxg2
34. Kxg2 Rc8 35. Kf3 h5 36. gxh5 gxh5 37. Kf4 Kg7 38. Kg5 f6+ 39. Kxh5 fxe5 40.
Bxe5+ Kf7 41. Kg5 c5 42. Kf4 b5 43. Ke3 c4 44. Kd2 b4 45. Kc2 Rc5 46. f4 Rd5
47. f6 a4 48. Kb1 Rd3 49. Ka2 Rb3 50. Bd4 c3 51. bxc3 bxc3 52. f5 c2 53. Bb2
Ke8 0-1

[Event "AUT-Staatsliga Qual2000"]
[Site "Linz-Urfahr"]
[Date "2000.04.02"]
[Round "3.4"]
[White "LAUBE, Bernhard"]
[Black "HANGWEYRER, Manfred"]
[Result "1-0"]
[WhiteElo "2262"]
[BlackElo "2363"]
[PlyCount "135"]
[EventDate "2000.04.02"]

1. d4 Nf6 2. Nf3 d5 3. Bg5 c6 4. Nbd2 Bf5 5. e3 e6 6. Ne5 h6 7. Bf4 Nbd7 8. Bd3
Bxd3 9. cxd3 Be7 10. O-O O-O 11. Rc1 Qb6 12. Rc2 Qa6 13. a3 Nxe5 14. dxe5 Nd7
15. d4 Qa4 16. Qc1 Rac8 17. Rc3 f6 18. exf6 Bxf6 19. Bd6 Rf7 20. f4 Qa6 21. Nf3
Qb6 22. Rf2 Qd8 23. b3 Be7 24. Bxe7 Qxe7 25. b4 a6 26. Rfc2 Rcf8 27. Qe1 g5 28.
fxg5 hxg5 29. Qg3 Rg7 30. Rf2 g4 31. Ne5 Rxf2 32. Qxf2 Nxe5 33. dxe5 Rg5 34.
Rd3 Rxe5 35. Rd4 Rg5 36. Qg3 Qg7 37. Qb8+ Kh7 38. Rf4 Rf5 39. Rxf5 exf5 40. Qe8
Kh6 41. Kf1 Qf6 42. g3 Kg7 43. Ke2 Qf7 44. Qe5+ Kg6 45. Qd6+ Qf6 46. Qb8 Qe6
47. Kd2 Qd7 48. Qf8 Qg7 49. Qd6+ Qf6 50. Qb8 Qe7 51. Kd3 Kf7 52. Kd2 Qd7 53.
Kd3 a5 54. bxa5 c5 55. a4 d4 56. exd4 Qxd4+ 57. Ke2 Qe4+ 58. Kd2 Qd5+ 59. Kc2
c4 60. Qc7+ Ke6 61. Kc3 Qd3+ 62. Kb4 Qb3+ 63. Kc5 Qa3+ 64. Kd4 Qd3+ 65. Kc5 c3
66. Qb6+ Ke5 67. Qc7+ Ke4 68. Qf4# 1-0

[Event "AUT-Staatsliga Qual2000"]
[Site "Linz-Urfahr"]
[Date "2000.04.02"]
[Round "3.5"]
[White "VOKROJ, Rene"]
[Black "GERHOLD, Michael"]
[Result "1-0"]
[WhiteElo "2306"]
[BlackElo "2212"]
[PlyCount "79"]
[EventDate "2000.04.02"]

1. Nf3 c5 2. e4 Nc6 3. d3 g6 4. g3 Bg7 5. Bg2 d6 6. Nbd2 e5 7. a4 Nge7 8. O-O
h6 9. c3 O-O 10. Nc4 Be6 11. Qe2 Qd7 12. Rb1 f5 13. h3 Rad8 14. Kh2 f4 15. g4
g5 16. b4 cxb4 17. cxb4 Bf6 18. b5 Nd4 19. Nxd4 exd4 20. Bf3 Ng6 21. e5 Nxe5
22. Nxe5 dxe5 23. Ba3 Rfe8 24. Bc5 b6 25. Bc6 Qc7 26. Bxe8 Rxe8 27. Qe4 Qd7 28.
Bb4 Bd5 29. Qg6+ Bg7 30. f3 Rc8 31. Qd6 Rc2+ 32. Kg1 Qxd6 33. Bxd6 Rc3 34. Rbd1
Bb3 35. Rd2 Bxa4 36. Rb1 Kf7 37. Kf2 Ke6 38. Bb8 Bf8 39. Re1 Bg7 40. Ra1 1-0

[Event "AUT-Staatsliga Qual2000"]
[Site "Linz-Urfahr"]
[Date "2000.04.02"]
[Round "3.6"]
[White "HENGL, Christian"]
[Black "RESCHUN, Sascha"]
[Result "1/2-1/2"]
[WhiteElo "2191"]
[BlackElo "2282"]
[PlyCount "37"]
[EventDate "2000.04.02"]

1. e4 e6 2. d4 d5 3. e5 c5 4. c3 Nc6 5. Nf3 Qb6 6. a3 a5 7. Bd3 Bd7 8. O-O h6
9. Qe2 a4 10. Be3 Na5 11. dxc5 Bxc5 12. Bxc5 Qxc5 13. Nbd2 Ne7 14. Nd4 O-O 15.
Kh1 Qb6 16. Rab1 Nf5 17. N2f3 Nxd4 18. Nxd4 Nb3 19. Qe3 1/2-1/2